Utrillo

Gespeichert in:
Bibliographische Detailangaben
1. Verfasser: Mac Orlan, Pierre (autor)
Format: Buch
Sprache:Französisch
Veröffentlicht: París Les Editions de Chene 1952
Schlagworte:
Tags: Tag hinzufügen
Keine Tags, Fügen Sie den ersten Tag hinzu!

MARC

LEADER 00000cam a2200000 a 4500
001 UCF9744
003 CL-VaPUC
005 20210615001437.0
008 131213e19520000fr |||||||||||||||||fre|d
999 |c 354155  |d 354153 
040 |c Pontificia Universidad Católica de Valparaíso 
082 0 4 |a 759.4  |b MAC  |2 21 
100 1 |a Mac Orlan, Pierre  |e autor  |9 861397 
245 1 0 |a Utrillo 
260 |a París  |b Les Editions de Chene  |c 1952 
300 |a pág. irreg 
583 |a last modification  |c 20131213 11:12:00  |k Rodrigo Vera 
600 0 7 |a UTRILLO, MAURICE  |2 CL-VaPUC  |9 266177 
650 0 |a Pintura francesa  |9 266122 
650 0 |a Pintores franceses   |9 340354 
942 |c BK  |2 ddc 
945 |d 20131213 11:12:00  |a dcastane 
952 |0 0  |1 0  |3 erb  |4 0  |6 759_400000000000000_MAC_1952  |7 0  |8 R  |9 459815  |a BIBART  |b BIBART  |i 5003369  |o 759.4 MAC 1952  |p 5003369  |r 2025-03-13  |w 2019-11-23  |y BK_R  |z Catalogado en:20131213  |k ART